000 00636nam a2200205Ia 4500
005 20260121110352.0
008 008 260114s9999 xx 000 0 hin d
020 _a9788132373124
037 _aEBOOK
040 _aCRL
_bhin
_cCRL
041 _ahin
_2hin
084 _qCRL
100 _aदमयंती नारायण / Chandan Khanna
_9945314
245 0 _aएडिसन द ग्रेट / Edison The Great
260 _bभाषा प्रकाशन / Bhasha Prakashan
_c2022
856 _uhttps://bhashaprakashan.com/product-details/380422
942 _cEBOOK
999 _c1536978
_d1536978